[Event "Olot Volcans op 3rd"]
[Site "Olot"]
[Date "2012.06.09"]
[Round "5"]
[White "Vilar Bassaganas, David"]
[Black "Arribas Viera, David"]
[Result "0-1"]
[WhiteElo "1700"]
[BlackElo "1753"]
[PlyCount "40"]
[EventDate "2012.05.26"]
[EventType "swiss"]
[EventRounds "8"]
[EventCountry "ESP"]
[SourceTitle "CBM 148 Extra"]
[Source "ChessBase"]
[SourceDate "2012.06.22"]
[SourceVersion "1"]
[SourceVersionDate "2012.06.22"]
[SourceQuality "1"]

1. d4 d5 2. Nc3 Nf6 3. Nf3 Bf5 4. e3 e6 5. Bd3 Bg6 6. 0-0 Bd6 7. b3 Nbd7 8. Ng5 0-0 9. a3 c5 10. b4 cxb4 11. axb4 Bxb4 12. Rb1 Bxc3 13. Ba3 Re8 14. Rb3 Qa5 15. Bb5 a6 16. Bxd7 Nxd7 17. Qf3 h6 18. Nh3 Bxc2 19. e4 Bxb3 20. Rc1 Rac8 0-1